Geography Quiz

Random Geography or State Quiz

States with Large Cities Quiz Stats

 Plays Quiz Updated Apr 15, 2016

Support Sporcle.
Go Orange.
Score 0/6 Timer 01:00
25 Plays Today
% Correct
???
92.4%
???
77%
???
63.5%
???
60.1%
???
40%
???
39.5%

From the Vault

Which Museum Is It In?

by broxx

History 5m
You know, in case you're planning a major art heist in the near-future.
Remove Ads.
Support Sporcle.
Get the best of Sporcle when you Go Orange. This ad-free experience offers more features, more stats, and more fun while also helping to support Sporcle. Thank you for becoming a member.

Show Comments

Extras

Top Quizzes Today


Score Distribution

Your Account Isn't Verified!

In order to create a playlist on Sporcle, you need to verify the email address you used during registration. Go to your Sporcle Settings to finish the process.

Report this User

Report this user for behavior that violates our Community Guidelines.

Details: